Great Literature #26 - Statistics

General Stats
  • This quiz has been taken 135 times
  • The average score is 12 of 20
Answer Stats
Hint Explanation Answer % Correct
The Wonderful Wizard of Oz 1900 L. Frank Baum
89%
Lysistrata 411 BCE Aristophanes
76%
The Pilgrim’s Progress 1678 John Bunyan
76%
Tropic of Cancer 1934 Henry Miller
70%
The God of Small Things 1997 Arundhati Roy
68%
Nausea 1938 (La Nausée) Jean-Paul Sartre
67%
The Woman in White 1860 Wilkie Collins
67%
Naked Lunch 1959 William S. Burroughs
67%
Our Mutual Friend 1864-1865 (published serially) Charles Dickens
63%
Half of a Yellow Sun 2006 Chimamanda Ngozi Adichie
63%
Where the Wild Things Are 1963 Maurice Sendak
63%
The Good Earth 1931 Pearl S. Buck
62%
The Goldfinch 2013 Donna Tartt
58%
The Book Thief 2006 Markus Zusak
58%
All the Pretty Horses 1992 Cormac McCarthy
57%
U.S.A. Trilogy 1930-1936 John Dos Passos
41%
Money 1984 Martin Amis
38%
Darkness at Noon 1940 Arthur Koestler
35%
The Savage Detectives 1998 (Los detectives salvajes) Roberto Bolaño
28%
A Death in the Family 1957 James Agee
27%
No matching quizzes found
Score Distribution
Percent of People with Each Score
Percentile by Number Answered
Your Score History
You have not taken this quiz